| 000 | 00787nam a22001937a 4500 | ||
|---|---|---|---|
| 008 | 120425t xxu||||| |||| 00| 0 eng d | ||
| 020 | _a0070468206 | ||
| 050 | _aHB172.C15 | ||
| 100 | _aMcConnell, Campbell R. | ||
| 245 |
_aMicroeconomics: principles, problems, and policies. / _cCampbell R. McConnell and Stanley L. Brue |
||
| 250 | _a13th ed. | ||
| 260 |
_aNew York: _bMcGraw Hill, _cc1996. |
||
| 300 |
_axxiv, 522 p.: _bill.; _c25cm. |
||
| 500 | _aIncludes index. | ||
| 505 | _aContents: An Introduction to economics and the economy -- Microeconomics of product markets -- Microeconomics of resource markets -- Government and current economic problems -- International economics and the world economy. | ||
| 650 | _bMicroeconomics | ||
| 700 | _aBrue, Stanley L. | ||
| 942 |
_2lcc _cBK |
||
| 999 |
_c773 _d8273 |
||